Helsingin raitiolinjat kartalla - Statistics

Yleistilastot
  • Tätä visaa on pelattu 342 kertaa
  • Keskiarvotulos 16 / 24
Vastaukset kartalla
Vastauksille on annettu kartalla punavihreä väri sen mukaan, kuinka moni on saanut sen oikein.
 
Vastaustilastot
Group Vastaus % Oikein
1 Eira
87%
4 Katajanokka
85%
5 Rautatieasema
80%
8 Jätkäsaari
79%
15 Itäkeskus
77%
4 Munkkiniemi
77%
1 Käpylä
73%
7 Länsiterminaali
73%
9 Länsiterminaali
73%
15 Keilaniemi
72%
6 Arabianranta
70%
8 Arabianranta
70%
2 Olympiaterminaali
69%
3 Olympiaterminaali
69%
3 Meilahti
65%
10 Pikku Huopalahti
58%
2 Messukeskus
57%
13 Länsi-Pasila
54%
9 Ilmala
53%
5 Katajanokan terminaali
52%
13 Nihti
51%
10 Kirurgi
49%
7 Meilahden sairaala
44%
6 Eiranranta
38%
Ehtoja vastaavia visoja ei löytynyt
Tulosjakauma
Jokaisen tuloksen saaneiden osuus
Persentiili vastausten määrän mukaan
Tuloshistoriasi
Et ole pelannut tätä visaa